2009 merkezi yönetim bütçesi (Record no. 1400)

MARC details
000 -BAŞLIK
Sabit Uzunlukta Kontrol Alanı 01123na a2200229 4500
001 - KONTROL NUMARASI
Denetim Alanı 21877
003 - KONTROL NUMARASI IDENTIFIER
Denetim Alanı MIRAKIL
005 - SON İŞLEM TARİHİ VE ZAMANI
Denetim Alanı 20181213154822.0
008 - SABİT-BOY VERİ ELEMANLARI - GENEL BİLGİLER
Sabit Uzunlukta Kontrol Alanı 170208b tu 000 0
040 ## - KATALOGLAMA KAYNAK
Orijinal Kataloglama Ajansı Milas
Kataloglama Dili tur
Metne Dönüştürmek Ajansı TR-AnCHP
041 ## - DİL KODU
Metin / Ses Parça Veya Ayrı Başlığın Dil Kodu tur
082 ## - DEWEY ONLU SINIFLANDIRMA NUMARASI
Sınıflandırma Numarası 351.7223
Ürün Numarası I45 2009
090 ## - SINIFLAMA NUMARASI
Sınıflama Numarası 351.7223 İ45 2009
245 ## - BAŞLIK TABLOSU
Başlık 2009 merkezi yönetim bütçesi
260 ## - YAYIN, DAĞITIM, VB
Yayın, Dağıtım, Vb Yeri Ankara
Yayıncı, Dağıtıcı, Vs Adı [yayl. y.]
Yayın, Dağıtım, Vb Tarihi 2009
300 ## - FİZİKSEL TANIM
Kapsam 3 c.
Diğer Fiziksel Ayrıntıları tbl.
Boyutlar 16 sm.
505 ## - BİÇİMLENDİRİLDİ İÇİNDEKİLER NOT
Biçimlendirilmiş İçeriği Dikkat c 1. (I) sayılı cetvel Genel Bütçe kapsamındaki kamu idareleri ve (II) sayılı cetvel Özel Bütçeli idareler ( B - Özel Bütçeli diğer idareller) ile (III) düzenleyici ve denetleyici kurumlar - c 2. (II) sayılı cetvel Özel Bütçeli idareler (A- Yükseköğretim kurulu, Üniversiteler ve Yüksek Teknoloji Enstitüleri) - c 3. (II) sayılı cetvel Özel Bütçeli idareler ( A - Yükseköğretim Kurulu, Üniversiteler ve Yüksek Teknoloji Enstitüleri)
650 ## - KONU KATMA GİRİŞ - TOPİKAL DÖNEM
Topikal Süreli Veya Coğrafi Ad Giriş Elemanı Özel bütçeli idareler
Genel Alt Bölümü Kesin bütçe
Kronolojik Alt Bölümü 2009
650 ## - KONU KATMA GİRİŞ - TOPİKAL DÖNEM
Topikal Süreli Veya Coğrafi Ad Giriş Elemanı Genel bütçeli idareler
Genel Alt Bölümü Kesin bütçe
Kronolojik Alt Bölümü 2009
650 ## - KONU KATMA GİRİŞ - TOPİKAL DÖNEM
Topikal Süreli Veya Coğrafi Ad Giriş Elemanı Yükseköğretim Kurulu
Genel Alt Bölümü Kesin bütçe
Kronolojik Alt Bölümü 2009
942 ## - EKLENDİ GİRİŞ ELEMANLARI (KOHA)
Sınıflandırma Veya Raf Düzeni Kaynak Dewey Decimal Classification
Koha Öğesi Türü Books
999 ## - SİSTEM KONTROL NUMARALARI (KOHA)
Koha Biblionumber 1400
Koha Biblioitemnumber 1400
Holdings
Kalıcı Konum Mevcut Konum Edinme Tarihi Edinim Kaynak Toplam Check-Out'Lar Tam Çağrı Numarası Barkod Tarih Son Görülme İtibaren Geçerli Fiyatlar Koha Öğesi Türü Seri Numaralandırma / Kronolojik
CHP Kütüphanesi CHP Kütüphanesi 02/08/2017 Bağış   351.7223 İ45 2009 012335 02/08/2017 02/08/2017 Books  
CHP Kütüphanesi CHP Kütüphanesi 02/08/2017 Bağış   351.7223 İ45 2009 012336 02/08/2017 02/08/2017 Books  
CHP Kütüphanesi CHP Kütüphanesi 02/08/2017 Bağış   351.7223 İ45 2009 012337 02/08/2017 02/08/2017 Books c.2